000 00691nam a22002177a 4500
999 _c14582
_d14582
003 AR-CdUCM
008 190409b ||||| |||| 00| 0 spa d
020 _a978-607-16-3514-3
040 _aMUNICIPALIDAD PROVINCIAL DEL CUSCO
_cBIBLIOTECA MUNICIPAL DEL CUSCO
082 _aPI / 808.06 /
_bM97
100 _aMurguía, Verónica
_933409
245 _aLuciana la pejesapo /
260 _aMéxico :
_bFondo de cultura económica,
_c2016.
300 _c22 cm.
440 _a25 años a la orilla del viento.
_933410
505 _aContenido :Luciana la pejesapo ...
650 _aAnimales raros
_933411
700 _aGedovius, Juan
_933412
942 _2ddc
_cLIBROS
945 _arum
_d2019-04-23